| 000 | 01596nam0a2200337 4500 | ||
|---|---|---|---|
| 001 | RU\NLR\BIBL_A\022588836 | ||
| 005 | 20260420051130.0 | ||
| 010 |
_a978-5-9613-0695-8 _930 |
||
| 021 |
_aRU _bКН-П-25-030186 _9КН-П-25-2980 |
||
| 035 | _a(NLR Aleph) 022588836 | ||
| 090 |
_a13678933 _c13678933 |
||
| 100 | _a20250722d2021 u y0rusy50 ca | ||
| 101 | 0 | _arus | |
| 102 | _aRU | ||
| 105 | _ay j 000yy | ||
| 181 | 0 |
_ai _baxxe |
|
| 182 | 0 | _an | |
| 200 | 1 |
_aКонтроль знаний, умений и навыков по русскому языку у слабослышащих обучающихся _e5-9 классы _eметодическое пособие для учителя _fЕ. В. Бакиева |
|
| 203 |
_aТекст _bвизуальный _cнепосредственный |
||
| 210 |
_aУфа _cМир печати _d2021 |
||
| 215 |
_a43 с. _d21 |
||
| 225 | 1 | _aИнклюзивное обучение | |
| 320 | _aБиблиогр.: с. 43 (7 назв.) | ||
| 606 | 1 |
_aРусский язык _jМетодические пособия _xЗнания _xОценка _xСпециальные (коррекционные) образовательные учреждения II вида _92678283 _3RU\NLR\AUTH\6601760354 |
|
| 606 | 1 |
_aТугоухие дети _jМетодические пособия _xОбучение чтению _92104623 _3RU\NLR\AUTH\661272479 |
|
| 686 | 1 | _aЧ432.613.1я8 | |
| 700 | 1 |
_aБакиева _bЕ. В. _gЕлена Валерьевна |
|
| 942 | _cBOOK | ||
| 980 | _aNB | ||